|
|
|
|
| LEADER |
00787cam a2200229 7i4500 |
| 001 |
0000005676 |
| 005 |
20170218090000.0 |
| 020 |
|
|
|a 9781560522331
|
| 020 |
|
|
|a 156052233X (pbk.)
|
| 090 |
0 |
0 |
|a HF5549.5.E5
|b J59 1994
|
| 100 |
1 |
|
|a Jones, John W
|
| 245 |
1 |
0 |
|a Personnel testing :
|b a manager's guide
|c John W. Jones.
|
| 260 |
|
|
|a Menlo Park, California:
|b Crisp Pub., Inc.,
|c 1994.
|
| 300 |
|
|
|a vi, 98 p.:
|b ill.;
|c 26 cm.
|
| 490 |
0 |
|
|a A fifty-minute series book
|
| 504 |
|
|
|a Includes bibliographical references
|
| 650 |
0 |
0 |
|a Employment tests --
|x Evaluation
|
| 650 |
0 |
0 |
|a Employment tests
|
| 997 |
|
|
|a Business & Accountancy, Faculty
|
| 998 |
|
|
|a Business Management, Degree
|
| 998 |
|
|
|a Human Resource Management, Degree
|
| 999 |
|
|
|a 0000010280
|b BOK
|c OPEN SHELF
|e 1st Floor, Shah Alam
|